Chargement en cours...
Development for rural poor
| Auteur principal: | |
|---|---|
| Format: | Printed Book |
| Publié: |
Rawat Publications, Jaipur
1987
|
| Sujets: |
| LEADER | 00483nam a2200193 4500 | ||
|---|---|---|---|
| 020 | |||
| 082 | |a 302.72 TRI-D | ||
| 100 | |a Tripathi, Satyendra | ||
| 245 | |a Development for rural poor | ||
| 250 | |||
| 260 | |a Rawat Publications, Jaipur |c 1987 | ||
| 300 | |||
| 490 | |||
| 500 | |||
| 590 | |||
| 650 | |a Rural sociology | ||
| 942 | |c BK | ||
| 999 | |c 111858 |d 111858 | ||
| 952 | |0 0 |1 0 |4 0 |6 302_720000000000000_TRID |7 0 |9 125325 |a ECN |b ECN |l 0 |o 302.72 TRI-D |p ECN08884 |r 2019-09-25 |w 2019-09-25 |y BK | ||